[Event "4th M-Tel Masters"]
[Site "Sofia BUL"]
[Date "2008.05.10"]
[Round "3"]
[White "Ivanchuk,V"]
[Black "Bu Xiangzhi"]
[Result "1-0"]
[WhiteElo "2740"]
[BlackElo "2708"]
[EventDate "2008.05.08"]

1. Nf3 Nf6 2. c4 c6 3. Nc3 d5 4. e3 a6 5. Qc2 b5 6. b3 Bg4 7. Ne5 Bh5 8.
cxb5 cxb5 9. Bxb5+ axb5 10. Nxb5 e6 11. Nc7+ Ke7 12. Nxa8 Nfd7 13. Ba3+ Kf6
14. Bb2 Nxe5 15. f4 Nbd7 16. Nc7 Bg6 17. Bxe5+ Nxe5 18. fxe5+ Kxe5 19. Qc3+
Kf5 20. O-O+ Kg5 21. a4 Kh6 22. Rf3 Bf5 23. Raf1 Bd6 24. Nb5 Bb8 25. Nd4
Be4 26. Rh3+ Kg6 27. d3 Bf5 28. Rhf3 Be5 29. Qe1 Bxd4 30. Rg3+ Kh6 31. exd4
g6 32. Rgf3 Qh4 1-0

[Event "4th M-Tel Masters"]
[Site "Sofia BUL"]
[Date "2008.05.12"]
[Round "5"]
[White "Cheparinov,I"]
[Black "Radjabov,T"]
[Result "1/2-1/2"]
[WhiteElo "2696"]
[BlackElo "2751"]
[EventDate "2008.05.08"]

1. d4 Nf6 2. c4 g6 3. Nc3 Bg7 4. e4 d6 5. Nf3 O-O 6. Be2 e5 7. O-O Nc6 8.
d5 Ne7 9. b4 Nh5 10. Re1 f5 11. Ng5 Nf6 12. f3 Kh8 13. Ne6 Bxe6 14. dxe6
Nh5 15. g3 Bf6 16. exf5 Nxf5 17. g4 e4 18. Nxe4 Bxa1 19. Bg5 Bd4+ 20. Kh1
Qe8 21. e7 Nxe7 22. Qxd4+ Ng7 23. b5 Ng8 24. Bd2 Qf7 25. Bc3 h6 26. f4 Rae8
27. Rf1 Nf6 28. Bf3 Nd7 29. g5 Kh7 30. Bg4 h5 31. Bh3 Ne6 32. Qd1 Nec5 33.
Nf6+ Nxf6 34. Bxf6 Ne4 35. f5 Kg8 36. fxg6 Qxg6 37. Bf5 Qf7 38. Qd4 Nxf6
39. gxf6 Kh8 40. Bd3 Re6 41. Qh4 Rfe8 42. Qg5 Re1 43. Qh6+ Kg8 44. Qg5+ Kh8
45. Qh6+ Kg8 46. Qg5+ 1/2-1/2

[Event "4th M-Tel Masters"]
[Site "Sofia BUL"]
[Date "2008.05.15"]
[Round "7"]
[White "Radjabov,T"]
[Black "Bu Xiangzhi"]
[Result "1-0"]
[WhiteElo "2751"]
[BlackElo "2708"]
[EventDate "2008.05.08"]

1. d4 d5 2. c4 c6 3. Nc3 Nf6 4. e3 a6 5. Nf3 b5 6. c5 g6 7. Ne5 Bg7 8. Be2
O-O 9. O-O Nfd7 10. f4 a5 11. a3 f6 12. Nf3 f5 13. Bd2 Nf6 14. Be1 Kh8 15.
Bh4 Be6 16. Ne5 Qc7 17. Qe1 Nbd7 18. Bg5 Nxe5 19. fxe5 Ne4 20. Nxe4 fxe4
21. Qh4 Rxf1+ 22. Rxf1 Re8 23. Bg4 Qd7 24. Rf7 Bxg4 25. Bf6 exf6 26. Rxd7
Bxd7 27. exf6 a4 28. fxg7+ Kxg7 29. Kf2 h6 30. Ke1 Re6 31. Qg3 Be8 32. Kd2
g5 33. Kc3 Kf8 34. Kb4 Bf7 35. Ka5 Kg7 36. Kb6 Kf8 37. Kc7 Kg7 38. Kd7 Kf8
39. Qf2 Rg6 40. Qf5 h5 41. g3 1-0